000
002740000a22000970004500
100
1
_a
Skousen, Mark
245
1
0
_a
New keynesians finally reject keynes's "general" theory
300
_a
Vol. 46, Num. 9 (Septiembre, 1996), Páginas 639-641
773
0
_t
The Freeman
942
_c
ANA
999
_c
56449
_d
56449